Największe skupiska polaków - Statystyki

Ogólne statystyki
  • Ten quiz został rozwiązany 1 210 razy
  • Średni wynik to 27 z 35
Statystyki odpowiedzi
Hint Odpowiedź % Poprawnych
9,3 mln - nieoficjalnie nawet do 10 mln Stany Zjednoczone
98%
2 mln. - nieoficjalnie nawet do 3 mln. Niemcy
97%
95 tys. - nieoficjalnie nawet do 280 tys. Rosja
96%
45 tys. Hiszpania
93%
900 tys. Kanada
93%
144 tys. - nieoficjalnie nawet do 900 tys. Ukraina
93%
853 tys. - nieoficjalnie nawet do 1 mln. Wielka Brytania
93%
1,050 mln. Francja
92%
100 tys. Szwecja
91%
1,8 mln Brazylia
90%
70 tys. Norwegia
90%
39 tys. - nieoficjalnie nawet do 120 tys. Czechy
89%
235 tys. - nieoficjalnie nawet do 310 tys. Litwa
88%
100 tys. Włochy
88%
450 tys. Argentyna
86%
396 tys. - nieoficjalnie nawet do 900 tys. Białoruś
85%
60 tys. Holandia
83%
122 tys. - nieoficjalnie nawet do 180 tys. Irlandia
83%
60 tys. - nieoficjalnie nawet do 75 tys. Łotwa
83%
200 tys. Australia
81%
55 tys. Austria
81%
70 tys. Belgia
81%
20 tys. Dania
78%
50 tys. Grecja
77%
20 tys. Węgry
76%
29 tys. Szwajcaria
75%
10 tys. Rumunia
67%
10 tys. Chile
63%
100 tys. Kazachstan
60%
10 tys. Urugwaj
45%
10 tys. Mołdawia
44%
35 tys. Południowa Afryka
41%
36 -38 mln Podpowiedź : Potocznie Polska Rzeczpospolita Polska
39%
10 tys. Paragwaj
36%
10 tys. Monako
26%
Nie znaleziono quizów pasujących do podanych kryteriów
Rozkład punktacji
Procent ludzi z każdym wynikiem
Percentyl według liczby udzielonych odpowiedzi
Twoja historia wyników
Nie rozwiązałeś tego quizu